Statistics for Torchbearers of Communism

Click here to take the quiz!

General Stats

  • This quiz has been taken 180 times
  • The average score is 14 of 16

Answer Stats

Answer% Correct
Mao Zedong
100%
Fidel Castro
99%
Karl Marx
99%
Vladimir Lenin
99%
Joseph Stalin
98%
Kim Il-Sung
96%
Nelson Mandela
96%
Xi Jinping
93%
Che Guevara
92%
Ho Chi Minh
88%
Friedrich Engels
85%
Leo Trotsky
82%
Josef Tito
79%
Leonid Brezhnev
62%
Rosa Luxemburg
61%
Deng Xiaoping
60%

Score Distribution

Percentile by Number Answered

Percent of People with Each Score

Your Score History

You have not taken this quiz